| Tag |
First Indicator |
Second Indicator |
Subfields |
| LEADER |
00000cam a2200000 a 4500 |
| 001 |
in00000091077 |
| 005 |
20151008063912.0 |
| 008 |
800726c19801971nyu 00010 eng d |
| 010 |
|
|
|a 80065560
|
| 020 |
|
|
|a 0891041877
|
| 035 |
|
|
|a (OCoLC)06553440
|
| 035 |
|
|
|9 AAK3146AM
|
| 040 |
|
|
|a ECO
|c ECO
|d m.c.
|d TXA
|d UtOrBLW
|
| 043 |
|
|
|a n-us---
|
| 049 |
|
|
|a TXAM
|c [1804425]
|
| 090 |
|
|
|a LB3051
|b .K52 1980
|
| 100 |
1 |
|
|a Kirschenbaum, Howard.
|
| 245 |
1 |
0 |
|a Wad-ja-get? :
|b The grading game in American education /
|c by Howard Kirschenbaum, Rodney Napier, Sidney B. Simon.
|
| 264 |
|
1 |
|a New York :
|b A&W Visual Library,
|c 1980
|
| 264 |
|
4 |
|c ©1971
|
| 300 |
|
|
|a 315 pages ;
|c 21 cm.
|
| 336 |
|
|
|a text
|b txt
|2 rdacontent
|
| 337 |
|
|
|a unmediated
|b n
|2 rdamedia
|
| 338 |
|
|
|a volume
|b nc
|2 rdacarrier
|
| 490 |
0 |
|
|a A Hart book
|
| 650 |
|
0 |
|a Grading and marking (Students)
|
| 700 |
1 |
|
|a Napier, Rodney.
|
| 700 |
1 |
|
|a Simon, Sidney B.
|
| 999 |
|
|
|a MARS
|
| 999 |
f |
f |
|s 73de1838-c3e4-308b-92aa-07e346b72b4f
|i 93b4374a-cdb7-302c-bb96-2418bf585fec
|t 0
|
| 952 |
f |
f |
|p normal
|a Texas A&M University
|b College Station
|c Sterling C. Evans Library
|d Evans: Library Stacks
|t 0
|e LB3051 .K52 1980
|h Library of Congress classification
|i unmediated -- volume
|m A14806162815
|
| 998 |
f |
f |
|a LB3051 .K52 1980
|t 0
|l Evans: Library Stacks
|